NMR and EPR spectroscopy : (Record no. 11399)
[ view plain ]
| 000 -LEADER | |
|---|---|
| fixed length control field | 01216nam a22002532 4500 |
| 001 - CONTROL NUMBER | |
| control field | 11399 |
| 003 - CONTROL NUMBER IDENTIFIER | |
| rucl marc code | UkOxU |
| 005 - DATE AND TIME OF LATEST TRANSACTION | |
| control field | 20211208235123.0 |
| 008 - FIXED-LENGTH DATA ELEMENTS--GENERAL INFORMATION | |
| fixed length control field | 810504s1960 nyua b 101 0 eng d |
| 035 ## - SYSTEM CONTROL NUMBER | |
| System control number | OCLC ocm07386102 from D971106M |
| 040 ## - CATALOGING SOURCE | |
| Original cataloging agency | IAH |
| Transcribing agency | IAH |
| Modifying agency | EQO |
| Language of cataloging | eng |
| 041 ## - LANGUAGE CODE | |
| Language code of text/sound track or separate title | eng |
| 082 ## - DEWEY DECIMAL CLASSIFICATION NUMBER | |
| Classification number | 500.208 |
| 110 2# - MAIN ENTRY--CORPORATE NAME | |
| Corporate name or jurisdiction name as entry element | Varian Associates. |
| 9 (RLIN) | 35238 |
| 245 10 - TITLE STATEMENT | |
| Title | NMR and EPR spectroscopy : |
| Remainder of title | papers presented at Varian's third annual Workshop on Nuclear Magnetic Resonance and Electron Paramagnetic Resonance, held at Palo Alto, California. |
| 260 ## - PUBLICATION, DISTRIBUTION, ETC. (IMPRINT) | |
| Place of publication, distribution, etc. | New York : |
| Name of publisher, distributor, etc. | Symposium Publications Division, Pergamon Press, |
| Date of publication, distribution, etc. | 1960. |
| 300 ## - PHYSICAL DESCRIPTION | |
| Pagination | viii, 288 p. : |
| Illustrations | illus., diagrs., tables. ; |
| Size | 23 cm. |
| 500 ## - GENERAL NOTE | |
| General note | "This book covers in large part the material presented by the NMR-EPR staff of the Instrument Division of Varian Associates at the Third Annual Workshop, held Oct. 19-23, 1959." |
| 504 ## - BIBLIOGRAPHY, ETC. NOTE | |
| Bibliography, etc | Bibliographical footnotes. |
| 650 #0 - SUBJECT ADDED ENTRY--TOPICAL TERM | |
| Topical term or geographic name as entry element | Nuclear magnetic resonance |
| General subdivision | Congresses. |
| 9 (RLIN) | 29198 |
| Topical term or geographic name as entry element | Electron paramagnetic resonance |
| General subdivision | Congresses. |
| 9 (RLIN) | 35239 |
| 711 2# - ADDED ENTRY--MEETING NAME | |
| Meeting name or jurisdiction name as entry element | Workshop on Nuclear Paramagnetic Resonance and Electron Paramagnetic Resonance |
| Number of part/section/meeting | (3d : |
| Date of meeting | 1959 : |
| Location of meeting | Palo, Alto, Calif.) |
| 9 (RLIN) | 35240 |
| 942 ## - ADDED ENTRY ELEMENTS (KOHA) | |
| Source of classification or shelving scheme | Dewey Decimal Classification |
| Koha item type | Books |
| Lost status | Source of classification or shelving scheme | Damaged status | Not for loan | Collection code | Permanent Location | Current Location | Shelving location | Date acquired | Source of acquisition | Cost, normal purchase price | Total Checkouts | Full call number | Date last seen | Copy number | Koha item type |
|---|---|---|---|---|---|---|---|---|---|---|---|---|---|---|---|
| Dewey Decimal Classification | Not For Loan | Non-fiction | Central Library, University of Rajshahi | Central Library, University of Rajshahi | Reading Room | 14/12/1968 | Zeitlinger | 80.00 | 500.208 NMR 1960 | 26/01/2014 | C-1 | Books |